[Event "Sarajevo"]
[Site "Sarajevo"]
[Date "1983.??.??"]
[Round "?"]
[White "Drasko, Milan"]
[Black "Gligoric, Svetozar"]
[Result "1/2-1/2"]
[WhiteElo "2330"]
[BlackElo "2510"]

1.d4 Nf6 2.c4 g6 3.Nc3 Bg7 4.e4 d6 5.Nf3 O-O 6.Be2 e5 7.O-O Nc6 8.d5 Ne7
9.Ne1 Nd7 10.Bd2 f5 11.Nd3 Nf6 12.f3 f4 13.c5 g5 14.Rc1 Ng6 15.a4 Rf7 16.cxd6 cxd6
17.Nf2 h5 18.h3 Bf8 19.Nb5 Rg7 20.Qc2 Ne8 21.a5 Nh8 22.Qb3 Nf7 23.Rc2 Nh6
24.Rfc1 a6  1/2-1/2

[Event "BCF-ch"]
[Site "Southport"]
[Date "1983.??.??"]
[Round "3"]
[White "Littlewood, Paul E"]
[Black "Howell, James C"]
[Result "1-0"]
[WhiteElo "2455"]
[BlackElo "2280"]

1.d4 Nf6 2.c4 g6 3.Nc3 Bg7 4.e4 d6 5.Be2 O-O 6.Nf3 e5 7.O-O Nc6 8.d5 Ne7
9.Ne1 Nd7 10.Nd3 f5 11.Bd2 fxe4 12.Nxe4 Nf5 13.Bg5 Nf6 14.g4 Ne7 15.Bxf6 Bxf6
16.f4 exf4 17.Nxf6+ Rxf6 18.Nxf4 c6 19.dxc6 Qb6+ 20.Kg2 bxc6 21.Qd2 Bb7 22.g5 Rf5
23.h4 Raf8 24.Bg4 c5+ 25.Kh3 Re5 26.Nd3 Rxf1 27.Rxf1 Re4 28.Nf4 Nf5 29.Nd5 Rxg4
30.Nf6+ Kg7 31.Nxg4 Qc6 32.Qe2 Bc8 33.Kh2 Bb7 34.Nh6 Qd7 35.Nxf5+ gxf5 36.Qe3 Be4
37.Qf4 Qa4 38.Qd2 Qxc4 39.Qc3+ Qxc3 40.bxc3 Kg6 41.Kg3 d5 42.Rd1 Kh5 43.Rd2 h6
44.Kf4 Kg6 45.h5+ Kxh5 46.Rh2+ Kg6 47.Rxh6+ Kg7 48.Ra6 d4 49.cxd4 cxd4 50.Rxa7+ Kg6
51.Rd7 d3 52.a4  1-0

[Event "BCF-ch"]
[Site "Southport"]
[Date "1983.??.??"]
[Round "3"]
[White "Pritchett, Craig William"]
[Black "Britton, Richard"]
[Result "0-1"]
[WhiteElo "2400"]
[BlackElo "2325"]

1.Nf3 Nf6 2.c4 g6 3.Nc3 Bg7 4.d4 O-O 5.e4 d6 6.Be2 e5 7.O-O Nc6 8.d5 Ne7
9.Bd2 c5 10.Ne1 Ne8 11.Nd3 f5 12.f3 f4 13.Rb1 g5 14.b4 b6 15.a4 h5 16.a5 Ng6
17.axb6 axb6 18.bxc5 bxc5 19.Nf2 Ra7 20.Nb5 Raf7 21.Qa4 Bd7 22.Qa5 Qf6 23.Na7 Nh4
24.Nc6 Qg6 25.Nd8 g4 26.Nd3 Nxg2 27.Nxf7 gxf3 28.Bxf3 Nh4+ 29.Kf2 Nxf3 30.Kxf3 Rxf7
31.Nf2 Bg4+ 32.Nxg4 hxg4+ 33.Kf2 Nf6 34.Kg1 Nxe4 35.Rb8+ Bf8 36.Be1 Ng5 37.Qa2 Nh3+
38.Kh1 Qe4+ 39.Qg2 f3 40.Qg3 f2+ 41.Qg2 fxe1=Q  0-1

[Event "BCF-ch"]
[Site "Southport"]
[Date "1983.??.??"]
[Round "4"]
[White "Bradbury, Neil H"]
[Black "Watson, William N"]
[Result "1/2-1/2"]
[WhiteElo "2295"]
[BlackElo "2395"]

1.d4 Nf6 2.c4 g6 3.Nc3 Bg7 4.e4 O-O 5.Be2 d6 6.Nf3 e5 7.O-O Nc6 8.d5 Ne7
9.b4 Nh5 10.c5 Nf4 11.Bxf4 exf4 12.Rc1 h6 13.Nd2 a5 14.a3 g5 15.Nc4 axb4
16.axb4 Ng6 17.cxd6 cxd6 18.Nb5 Be5 19.Bh5 Bd7 20.Nd4 Qf6 21.Nf5 Bxf5 22.exf5 Qxf5
23.Bg4 Qf6 24.Nb6 f3 25.g3 Rad8 26.Bxf3 Bd4 27.Nc4 Ne5 28.Nxe5 Qxe5 29.Rc7 Ra8
30.Qc2 Ra3 31.Qe2 Qxe2 32.Bxe2 Ra2 33.Bh5 b6 34.Rd7 Be5 35.f4 gxf4 36.gxf4 Bc3
37.Rxd6 Bxb4 38.Rd7 Rd2 39.Kh1 Kg7 40.Bf3 Kf6 41.Rc7 Bc5  1/2-1/2

[Event "BCF-ch"]
[Site "Southport"]
[Date "1983.??.??"]
[Round "9"]
[White "Littlewood, Paul E"]
[Black "Britton, Richard"]
[Result "1-0"]
[WhiteElo "2455"]
[BlackElo "2325"]

1.d4 Nf6 2.c4 g6 3.Nc3 Bg7 4.e4 O-O 5.Nf3 d6 6.Be2 e5 7.O-O Nc6 8.d5 Ne7
9.Ne1 Nd7 10.Nd3 f5 11.Bd2 c5 12.Rb1 Nf6 13.f3 f4 14.b4 b6 15.bxc5 bxc5 16.Qe1 g5
17.Nb5 a5 18.Nf2 h5 19.h3 Rf7 20.Rb3 Bf8 21.Ra3 a4 22.Qd1 Ng6 23.Rxa4 Rxa4
24.Qxa4 Bd7 25.Qa5 Qe7 26.Na7 g4 27.Nc6 Qe8 28.Rb1 Bxc6 29.dxc6 gxf3 30.Bxf3 Qxc6
31.Qb5 Qc7 32.a4 Nh4 33.Kf1 Rg7 34.a5 Qf7 35.a6 Nxf3 36.gxf3 Qg6 37.Ke2 Qg2
38.Qb3 h4 39.Qd3 Ra7 40.Rb6 Nh5 41.Qd5+ Kh8 42.Rb8 Qg8 43.Qxg8+ Kxg8 44.Rb6 Be7
45.Nd1  1-0

[Event "Tatran Cup"]
[Site "Stary Smokovec"]
[Date "1983.??.??"]
[Round "7"]
[White "Plachetka, Jan"]
[Black "Lanc, Alois"]
[Result "1/2-1/2"]
[WhiteElo "2465"]
[BlackElo "2410"]

1.d4 Nf6 2.c4 g6 3.Nc3 Bg7 4.e4 d6 5.Be2 O-O 6.Nf3 e5 7.O-O Nc6 8.d5 Ne7
9.Nd2 Nd7 10.b4 f5 11.c5 Nf6 12.f3 Bh6 13.Nc4 Bxc1 14.Rxc1 Kg7 15.Qd2  1/2-1/2

[Event "URS-FL"]
[Site "Tallinn"]
[Date "1983.??.??"]
[Round "?"]
[White "Podgaets, Mikhail"]
[Black "Petrushin, Alexander I"]
[Result "1/2-1/2"]
[WhiteElo "2450"]
[BlackElo "2415"]

1.d4 Nf6 2.c4 g6 3.Nc3 Bg7 4.e4 d6 5.Nf3 O-O 6.Be2 e5 7.O-O Nc6 8.Be3 Re8
9.dxe5 dxe5 10.Qxd8 Nxd8 11.Nb5 Ne6 12.Ng5 Re7 13.Rfd1 h6 14.Nxe6 Bxe6 15.f3 c6
16.Nc3 Bf8 17.Bc5 Rd7 18.Bxf8 Kxf8 19.Rxd7 Nxd7  1/2-1/2

[Event "Tbilisi"]
[Site "Tbilisi"]
[Date "1983.??.??"]
[Round "?"]
[White "Henley, Ron W"]
[Black "Gufeld, Eduard"]
[Result "1-0"]
[WhiteElo "2525"]
[BlackElo "2480"]

1.d4 Nf6 2.c4 g6 3.Nc3 Bg7 4.e4 d6 5.Be2 O-O 6.Nf3 e5 7.O-O Nc6 8.d5 Ne7
9.b4 Nh5 10.c5 Nf4 11.Bxf4 exf4 12.Rc1 h6 13.h3 g5 14.a4 Ng6 15.cxd6 cxd6
16.Nb5 Ne5 17.Nfd4 Qf6 18.Bh5 Bd7 19.Qb3 a6 20.Nc7 Rab8 21.Rfd1 Kh8 22.b5 g4
23.hxg4 Nxg4 24.Nf3 Rg8 25.Ne6 Nxf2 26.Kxf2 fxe6 27.Rc7 Be8 28.Bxe8 Rbxe8
29.dxe6 Rxe6 30.Qd3 axb5 31.axb5 Qg6 32.Nh4 Qg4 33.Nf5 Bf6 34.Qf3 Bh4+ 35.Kf1 Rxe4
36.Nxh4 Qxh4 37.Qxe4 Qh1+ 38.Kf2 Qh4+ 39.Kg1 f3 40.Qh7+  1-0

[Event "Tbilisi"]
[Site "Tbilisi"]
[Date "1983.??.??"]
[Round "?"]
[White "Nogueiras, Jesus"]
[Black "Gufeld, Eduard"]
[Result "1/2-1/2"]
[WhiteElo "2485"]
[BlackElo "2480"]

1.d4 Nf6 2.c4 g6 3.Nc3 Bg7 4.e4 d6 5.Nf3 O-O 6.Be2 e5 7.O-O Nc6 8.Be3 Ng4
9.Bg5 f6 10.Bc1 Nh6 11.dxe5 dxe5 12.c5 Be6 13.Qa4 Qe8 14.Bxh6 Bxh6 15.Bc4 Nd8
16.Bxe6+ Nxe6 17.Qc4 c6 18.Rad1 Qf7 19.Rd6 Rfe8 20.Rfd1 Rad8 21.Rxd8 Rxd8
22.Rxd8+ Nxd8 23.Qa4 a6 24.Qd1 Ne6 25.b4 a5 26.a3 axb4 27.axb4 Nc7 28.h4 Bf8
29.Qc2 Na6 30.Na2  1/2-1/2

[Event "Tbilisi"]
[Site "Tbilisi"]
[Date "1983.??.??"]
[Round "?"]
[White "Gavrikov, Viktor"]
[Black "Gufeld, Eduard"]
[Result "1/2-1/2"]
[WhiteElo "2485"]
[BlackElo "2480"]

1.d4 Nf6 2.c4 g6 3.Nc3 Bg7 4.e4 d6 5.Be2 O-O 6.Nf3 e5 7.O-O Nc6 8.d5 Ne7
9.Nd2 a5 10.a3 Bd7 11.b3 Ne8 12.Rb1 f5 13.b4 axb4 14.axb4 Nf6 15.c5 fxe4
16.Ndxe4 Nf5 17.Bd3 Nxe4  1/2-1/2

[Event "Trnava"]
[Site "Trnava"]
[Date "1983.??.??"]
[Round "?"]
[White "Ftacnik, Lubomir"]
[Black "Banas, Jan"]
[Result "1/2-1/2"]
[WhiteElo "2560"]
[BlackElo "2325"]

1.d4 Nf6 2.c4 g6 3.Nc3 Bg7 4.Nf3 O-O 5.e4 d6 6.Be2 e5 7.O-O Nc6 8.d5 Ne7
9.Ne1 Nd7 10.Nd3 f5 11.Bd2 fxe4 12.Nxe4 Nf5 13.Bc3 Nf6 14.Bf3 Nh4 15.Nxf6+ Qxf6
16.Be4 Bf5 17.f3 Qg5 18.Qe2 Bh6 19.Kh1 Qe3 20.Qxe3 Bxe3 21.Rfe1 Bh6 22.c5 Rf7
23.a4 Rd8 24.a5 Bc8 25.a6 bxa6 26.c6 Nf5 27.Nb4 Nd4 28.Nxa6 Nb5 29.Bb4 Bf5
30.Ra4 Ra8 31.h3 Bg5 32.Ba5 Bc8 33.Bd3 Bxa6 34.Bb4 Rf4 35.Re4 Nc3 36.Rxa6 Nxe4
37.Bxe4 Rf7 38.Ra3 Rb8 39.Bc3 Be3 40.b4 Bb6 41.Bd2 Bd4 42.g3 Kg7 43.h4 Rff8
44.Ra5 Ra8 45.Kg2 Rab8  1/2-1/2

[Event "Tuzla"]
[Site "Tuzla"]
[Date "1983.??.??"]
[Round "11"]
[White "Robatsch, Karl"]
[Black "Hazai, Laszlo"]
[Result "1/2-1/2"]
[WhiteElo "2420"]
[BlackElo "2475"]

1.c4 g6 2.d4 Bg7 3.Nc3 d6 4.Nf3 Nf6 5.e4 O-O 6.Be2 e5 7.O-O Nc6 8.d5 Ne7
9.b4 Nh5 10.Ne1 Nf4 11.Be3 f5 12.f3 Nxe2+ 13.Qxe2 f4 14.Bd2 g5 15.Nd3 h5
16.Nf2 Ng6 17.Rac1 Rf7 18.c5 Bf8 19.cxd6 Bxd6 20.Nb5 Nh4 21.Nxd6 cxd6 22.Rc3 Bd7  1/2-1/2

[Event "Varna"]
[Site "Varna"]
[Date "1983.??.??"]
[Round "11"]
[White "Lalev, Dimitar"]
[Black "Lukov, Valentin"]
[Result "1/2-1/2"]
[WhiteElo "2385"]
[BlackElo "2430"]

1.d4 Nf6 2.c4 g6 3.Nc3 Bg7 4.e4 d6 5.Nf3 O-O 6.Be2 e5 7.O-O Nc6 8.d5 Ne7
9.b4 h6 10.Nd2 Nh7 11.c5 f5 12.f3 f4 13.a4 g5 14.a5 Ng6 15.Ba3 Rf7 16.cxd6 cxd6
17.Rc1 h5 18.a6 bxa6 19.b5 Bf8 20.bxa6 Nf6 21.Nb5 Bxa6 22.Qa4 Bxb5 23.Bxb5 g4
24.Kh1 Rg7 25.Qa6 Nh4 26.Nc4 Ne8 27.Bxe8 Qxe8 28.Qc6 Rg6 29.Qxe8 Rxe8 30.Rb1 Rc8
31.Na5 Rc2 32.fxg4 Rxg4 33.g3 fxg3 34.hxg3 Rxg3 35.Rg1 Rcg2 36.Rxg2 Nxg2
37.Bb4 Nh4 38.Nc4 Rg4 39.Bxd6 Rxe4 40.Rg1+ Rg4 41.Rxg4+ hxg4 42.Bxf8 Kxf8
43.Nxe5 a5 44.Nxg4 a4 45.Ne3 Ke7  1/2-1/2

[Event "URS-ch sf"]
[Site "Volgodonsk"]
[Date "1983.??.??"]
[Round "?"]
[White "Sher, Miron N"]
[Black "Loginov, Valery A"]
[Result "1-0"]
[WhiteElo "2200"]
[BlackElo "2395"]

1.d4 Nf6 2.c4 g6 3.Nc3 Bg7 4.e4 d6 5.Be2 O-O 6.Nf3 e5 7.O-O Nc6 8.d5 Ne7
9.Nd2 a5 10.b3 Nd7 11.Ba3 f5 12.b4 Bh6 13.bxa5 Rxa5 14.Bb4 Ra8 15.Nb3 Nf6
16.exf5 gxf5 17.a4 Ng6 18.Re1 Rf7 19.g3 f4 20.Nd2 fxg3 21.hxg3 Nf4 22.Nde4 Nxe4
23.Nxe4 Nh3+ 24.Kg2 Bf5 25.Bg4 Nf4+ 26.Kf1 Qd7 27.Bxf5 Qxf5 28.gxf4 Qh3+
29.Ke2 Rxf4 30.Rg1+ Kf7 31.Qd3 Qh4 32.f3 Qh2+ 33.Kf1 Rf8 34.Nf2 e4 35.Nxe4 Ke8
36.Nd2 Qh3+ 37.Ke2 Qh2+ 38.Kf1 Qh3+ 39.Kf2 Qh4+ 40.Rg3 Rxc4  1-0

[Event "Warsaw"]
[Site "Warsaw"]
[Date "1983.??.??"]
[Round "12"]
[White "Schmidt, Wlodzimierz"]
[Black "Georgiev, Krum"]
[Result "1/2-1/2"]
[WhiteElo "2450"]
[BlackElo "2440"]

1.d4 Nf6 2.c4 g6 3.Nc3 Bg7 4.e4 O-O 5.Nf3 d6 6.Be2 e5 7.O-O Nc6 8.d5 Ne7
9.Ne1 Nd7 10.Nd3 f5 11.Bd2 Rf7 12.Rc1 Qf8 13.f3 Nf6 14.c5 Bh6 15.cxd6 cxd6
16.Nf2 Bd7 17.Bb5 Bxd2 18.Qxd2 Qe8 19.Bxd7 Qxd7 20.Nh3 Nh5 21.Ng5 Rf6 22.Ne6  1/2-1/2

[Event "Nassau Int"]
[Site "Syosset"]
[Date "1984.08.04"]
[Round "2"]
[White "Blocker, Calvin"]
[Black "Weeramantry, Sunil"]
[Result "1/2-1/2"]
[WhiteElo "2400"]
[BlackElo "2295"]

1.d4 Nf6 2.c4 g6 3.Nc3 Bg7 4.e4 d6 5.Nf3 O-O 6.Be2 e5 7.O-O Nc6 8.d5 Ne7
9.b4 Nh5 10.c5 Nf4 11.Bxf4 exf4 12.Rc1 h6 13.h3 g5 14.a4 Ng6 15.cxd6 cxd6
16.Nb5 Ne5 17.Nxe5 Bxe5 18.Rc4 Bd7 19.Bg4 Bxb5 20.axb5 a5 21.bxa6 Rxa6 22.Qc2 Qa8
23.Qd1 Ra1 24.Rc1 Rxc1 25.Qxc1 Qa4 26.Qd2 Qb3 27.h4 Ra8 28.hxg5 hxg5 29.Qe2 Ra2
30.Qb5 Kg7 31.Qd7 Bd4 32.Be6 Rxf2 33.Qxf7+ Kh6 34.Rxf2 Bxf2+ 35.Kxf2 Qe3+
36.Kf1 Qd3+ 37.Ke1 Qe3+ 38.Kf1 Qd3+ 39.Kf2 Qg3+ 40.Kg1 Qe1+ 41.Kh2 Qg3+  1/2-1/2

[Event "Berlin op"]
[Site "Berlin-West"]
[Date "1984.??.??"]
[Round "3"]
[White "Cserna, Laszlo"]
[Black "Klundt, Klaus"]
[Result "1-0"]
[WhiteElo "2440"]
[BlackElo "2340"]

1.d4 Nf6 2.c4 g6 3.Nc3 Bg7 4.e4 d6 5.Nf3 O-O 6.Be2 e5 7.O-O Nc6 8.Be3 Ng4
9.Bg5 f6 10.Bc1 f5 11.Bg5 Qe8 12.Nd5 Qf7 13.dxe5 h6 14.exd6 fxe4 15.Nxc7 Rb8
16.Bh4 exf3 17.Bxf3 Qf5 18.h3 Nge5 19.Bd5+ Kh8 20.f4 Nxc4 21.Bxc4 Qc5+ 22.Kh1 Qxc4
23.d7 Bxd7 24.Qxd7 Rxf4 25.Rxf4 Qxf4 26.Ne6 Qe5 27.Rf1 Rg8 28.Nxg7 g5 29.Nh5 gxh4
30.Rf7  1-0

[Event "Berlin op"]
[Site "Berlin-West"]
[Date "1984.??.??"]
[Round "5"]
[White "Berg, Klaus"]
[Black "Hoensch, Matthias"]
[Result "1-0"]
[WhiteElo "2375"]
[BlackElo "2200"]

1.Nf3 g6 2.c4 Bg7 3.d4 d6 4.Nc3 Nf6 5.e4 O-O 6.Be2 e5 7.O-O Nc6 8.d5 Ne7
9.Nd2 c5 10.dxc6 bxc6 11.b4 Be6 12.Ba3 d5 13.cxd5 cxd5 14.b5 Re8 15.exd5 Nexd5
16.Nxd5 Bxd5 17.Bc4 Qa5 18.Bxd5 Nxd5 19.Nc4 Qxb5 20.Nd6 Qa5 21.Nxe8 Rxe8
22.Rc1 Nf4 23.Qd7 Rd8 24.Rc8 Bf6 25.Qe8+  1-0

[Event "Midwest Masters-B"]
[Site "Chicago"]
[Date "1984.??.??"]
[Round "3"]
[White "Eckert, Doug D"]
[Black "Giles, Morris"]
[Result "0-1"]
[WhiteElo "2290"]
[BlackElo "2325"]

1.d4 Nf6 2.Nf3 g6 3.c4 Bg7 4.Nc3 O-O 5.e4 d6 6.Be2 e5 7.O-O Nc6 8.d5 Ne7
9.Nd2 Nd7 10.b4 f5 11.f3 f4 12.Ba3 g5 13.c5 Ng6 14.Nc4 Rf7 15.Kh1 Bf8 16.cxd6 cxd6
17.b5 Nb6 18.Nxb6 axb6 19.Bb4 h5 20.a4 Rg7 21.Nb1 Nh4 22.Nd2 g4 23.fxg4 hxg4
24.g3 Ng6 25.Bxg4 fxg3 26.Bf3 Qh4  0-1

[Event "CUB-ch"]
[Site "CUB"]
[Date "1984.??.??"]
[Round "6"]
[White "Estevez, Guillermo"]
[Black "Garcia Martinez, Silvino"]
[Result "1-0"]
[WhiteElo "2430"]
[BlackElo "2450"]

1.d4 Nf6 2.c4 g6 3.Nc3 Bg7 4.e4 d6 5.Nf3 O-O 6.Be2 e5 7.O-O Nc6 8.d5 Ne7
9.b4 Nh5 10.c5 Nf4 11.Bxf4 exf4 12.Rc1 h6 13.a4 g5 14.Nd2 Ng6 15.Nc4 Re8
16.cxd6 cxd6 17.Nb5 Rxe4 18.Qc2 Re7 19.Ncxd6 a6 20.Nxc8 Rxe2 21.Qxe2 axb5
22.Qxb5 Rxc8 23.Rxc8 Qxc8 24.d6 Ne5 25.Qd5 f3 26.d7 Qxd7 27.Qxd7 Nxd7 28.gxf3 Bc3
29.Rc1 Bxb4 30.Rb1 Bc5 31.Rxb7 Ne5 32.Rb3 Kf8 33.a5 Ke7 34.a6 Kd6 35.Kg2 Kc6
36.Rb8 Nd7 37.Rc8+ Kd6 38.Rh8 Ne5 39.Rxh6+ Ng6 40.f4 gxf4 41.h4 Ke7 42.h5 Ne5
43.Rh8 Kf6 44.Rg8  1-0

[Event "CUB-ch"]
[Site "CUB"]
[Date "1984.??.??"]
[Round "10"]
[White "Vilela, Jose Luis"]
[Black "Pinal, Nelson Borges"]
[Result "1/2-1/2"]
[WhiteElo "2450"]
[BlackElo "2405"]

1.d4 Nf6 2.c4 g6 3.Nc3 Bg7 4.e4 d6 5.Be2 O-O 6.Nf3 e5 7.O-O Nc6 8.d5 Ne7
9.Nd2 a5 10.a3 c5 11.Rb1 Ne8 12.b4 axb4 13.axb4 b6 14.bxc5 bxc5 15.Nb3 f5  1/2-1/2

[Event "Dresden"]
[Site "Dresden"]
[Date "1984.??.??"]
[Round "7"]
[White "Kochyev, Alexander"]
[Black "Hesse, Peter"]
[Result "1/2-1/2"]
[WhiteElo "2450"]
[BlackElo "2355"]

1.Nf3 Nf6 2.d4 g6 3.c4 Bg7 4.Nc3 d6 5.e4 O-O 6.Be2 e5 7.O-O Nc6 8.d5 Ne7
9.Nd2 Ne8 10.b4 f5 11.c5 Kh8 12.a4 Ng8 13.a5 Ngf6  1/2-1/2

[Event "Dresden"]
[Site "Dresden"]
[Date "1984.??.??"]
[Round "9"]
[White "Kochyev, Alexander"]
[Black "Kaminski, Uwe"]
[Result "1/2-1/2"]
[WhiteElo "2450"]
[BlackElo "2200"]

1.Nf3 Nf6 2.c4 g6 3.Nc3 Bg7 4.e4 d6 5.d4 O-O 6.Be2 e5 7.O-O Nc6 8.d5 Ne7
9.Ne1 Nd7 10.f3 f5 11.g4 Nf6 12.Nd3 h5 13.g5 Nh7 14.h4 f4 15.Rf2 c6 16.Bf1 cxd5
17.cxd5 Rf7 18.Bd2 Kh8 19.Rc1 Ng8 20.Rg2 Bf8 21.Nf2 Bd7 22.Kh2 Be7 23.Bb5 a6
24.Bxd7 Qxd7 25.Nd3 Bd8 26.Be1 Bb6 27.Bf2 Qd8 28.Bxb6 Qxb6 29.Na4 Qd8 30.Qg1 b5
31.Nc3 Rc7 32.Rgc2 Ne7 33.Qf2 Nf8 34.a4 bxa4 35.Nxa4 Rxc2 36.Rxc2 Rc8 37.Rxc8 Qxc8
38.Nb6 Qc7 39.Kg2 Kg7 40.Nb4 Qb7 41.Na2 Kf7 42.Nc4 Nc8 43.Qc2 Nd7 44.Na5 Qb5
45.b4 Ncb6 46.Kf2 Ke8 47.Qc3 Na4  1/2-1/2

[Event "DDR-ch 33th"]
[Site "Eilenburg"]
[Date "1984.??.??"]
[Round "5"]
[White "Gruenberg, Hans Ulrich"]
[Black "Rossmann, Helmut"]
[Result "1-0"]
[WhiteElo "2440"]
[BlackElo "2355"]

1.d4 Nf6 2.c4 g6 3.Nc3 Bg7 4.e4 d6 5.Be2 O-O 6.Nf3 e5 7.O-O Nc6 8.d5 Ne7
9.Ne1 Nd7 10.Nd3 f5 11.Bd2 Nf6 12.f3 f4 13.c5 Ne8 14.Rc1 g5 15.cxd6 cxd6
16.Nf2 Ng6 17.Nb5 Rf7 18.a4 Bf8 19.Rc3 Bd7 20.Qb3 a6 21.Na3 Rg7 22.Rfc1 h5
23.h3 Nh4 24.Qd1 Rb8 25.Ra1 Nf6 26.a5 g4 27.fxg4 hxg4 28.hxg4 Nxg4 29.Nxg4 Qg5
30.Rc7 Rd8 31.Nc4 Rg6 32.Rxd7 Rxd7 33.Ra3 Rdg7 34.Rh3 Qd8 35.Be1 Be7 36.b3 Rh7
37.Rh2 Qf8 38.Nd2 Qc8 39.Nc4 Qf8 40.Bf2 Qc8 41.Kf1 Kh8 42.Ke1 Qe8 43.Kd2 Rg8
44.Qh1 Qd8 45.Nb6 Rgg7 46.Kd3 Bg5 47.Qe1 Ng6 48.Rxh7+ Rxh7 49.Qc3 Rc7 50.Nc4 Rd7
51.Nb6 Rc7 52.Nc4 Rd7 53.Bf3 Rh7 54.Qb4 Rd7 55.Nb6 Rh7 56.Nc4 Rd7 57.Bb6 Qb8
58.Nf2 Bd8 59.Bg4 Bxb6 60.Qxb6 Rd8 61.Bf5  1-0

[Event "DDR-ch 33th"]
[Site "Eilenburg"]
[Date "1984.??.??"]
[Round "7"]
[White "Gruenberg, Hans Ulrich"]
[Black "Hesse, Peter"]
[Result "1/2-1/2"]
[WhiteElo "2440"]
[BlackElo "2345"]

1.d4 Nf6 2.c4 g6 3.Nc3 Bg7 4.e4 d6 5.Be2 O-O 6.Nf3 e5 7.O-O Nc6 8.d5 Ne7
9.Ne1 Nd7 10.Nd3 f5 11.Bd2 Nf6 12.f3 f4 13.c5 g5 14.Rc1 Ng6 15.cxd6 cxd6
16.Nb5 Rf7 17.Qc2 Ne8 18.a4 Bf8 19.Nf2 Bd7 20.Qb3 h5 21.Rc2 a6 22.Na3 Rg7
23.h3 Nh4 24.Rfc1 Nf6 25.Rc7 Rb8 26.a5 Ne8 27.R7c2 Nf6 28.Rc7 Ne8 29.R7c2 Nf6  1/2-1/2

[Event "Troll Masters"]
[Site "Gausdal"]
[Date "1984.??.??"]
[Round "5"]
[White "Tiller, Bjorn"]
[Black "McCambridge, Vincent"]
[Result "0-1"]
[WhiteElo "2425"]
[BlackElo "2465"]

1.c4 Nf6 2.Nf3 g6 3.Nc3 Bg7 4.e4 d6 5.d4 O-O 6.Be2 e5 7.O-O Nc6 8.Be3 Ng4
9.Bg5 f6 10.Bh4 g5 11.Bg3 Nh6 12.d5 Ne7 13.Nd2 Ng6 14.Re1 Nf4 15.Bf1 Qe8
16.b4 Qg6 17.c5 f5 18.Nb5 Rf7 19.cxd6 cxd6 20.Rc1 Bd7 21.Nc7 Rc8 22.Nb5 Rcf8
23.Nxa7 Nh5 24.exf5 Nxf5 25.a4 Nfxg3 26.fxg3 e4 27.Nc4 Bxa4  0-1

[Event "Bundesliga 8384"]
[Site "Germany"]
[Date "1984.??.??"]
[Round "?"]
[White "Bachmann, Karlheinz"]
[Black "Zbikowski, Wolfgang"]
[Result "1/2-1/2"]
[WhiteElo "2325"]
[BlackElo "2265"]

1.c4 g6 2.Nc3 Bg7 3.d4 Nf6 4.e4 d6 5.Nf3 O-O 6.Be2 e5 7.O-O Nc6 8.d5 Ne7
9.Ne1 Nd7 10.Nd3 f5 11.Bd2 Nf6 12.f3 f4 13.c5 g5 14.Rc1 Ng6 15.cxd6 cxd6
16.Nb5 Rf7 17.Qc2 Ne8 18.a4 h5 19.Nf2 Bf8 20.h3 Rg7 21.Rfd1 Nh4 22.Be1 a6
23.Na3 g4 24.fxg4 Nf6 25.Rd3 hxg4 26.Rc3 Bd7 27.Nxg4 Nxg4 28.Bxg4 Bxg4 29.hxg4 Rxg4
30.Bxh4 Qxh4 31.Nc4 Be7 32.Qf2 Qh5 33.Nd2 Rh4 34.Qf3 Qg6 35.Rc8+ Rxc8 36.Rxc8+ Kf7
37.Rc7 b5 38.axb5 axb5 39.Qa3 Rh7 40.Qa7 Kf6  1/2-1/2

[Event "Jajce (Women)"]
[Site "Jajce"]
[Date "1984.??.??"]
[Round "?"]
[White "Muresan, Margareta"]
[Black "Szmacinska, Grazyna"]
[Result "1-0"]
[WhiteElo "2230"]
[BlackElo "2105"]

1.Nf3 Nf6 2.c4 g6 3.Nc3 Bg7 4.e4 d6 5.d4 O-O 6.Be2 e5 7.O-O Nc6 8.d5 Ne7
9.b4 Ne8 10.c5 f5 11.Nd2 f4 12.Bg4 g5 13.Nc4 Ng6 14.Ba3 Nh4 15.f3 Rf6 16.b5 Bf8
17.Rc1 Ng7 18.Bxc8 Rxc8 19.b6 axb6 20.cxb6 cxb6 21.Qb3 g4 22.fxg4 f3 23.g3 f2+
24.Kh1 Qd7 25.Ne3 Rf3 26.Ncd1 Ng6 27.Rxc8 Qxc8 28.Rxf2 Rxf2 29.Nxf2 h5 30.Kg2 hxg4
31.Nfxg4 Nh5 32.Nf5 Qd8 33.Bc1 b5 34.Ngh6+ Bxh6 35.Nxh6+ Kh7 36.Nf7 Qc8 37.Ng5+ Kg8
38.Qf3 Nhf4+ 39.Bxf4 exf4 40.Qh5 Kg7 41.Ne6+  1-0

[Event "Jajce (Women)"]
[Site "Jajce"]
[Date "1984.??.??"]
[Round "?"]
[White "Muresan, Margareta"]
[Black "Nikolin, Zorica"]
[Result "0-1"]
[WhiteElo "2230"]
[BlackElo "2125"]

1.Nf3 Nf6 2.c4 g6 3.Nc3 Bg7 4.e4 d6 5.d4 O-O 6.Be2 e5 7.O-O Nc6 8.d5 Ne7
9.Ne1 Nd7 10.Nd3 f5 11.f3 Nf6 12.Be3 f4 13.Bf2 g5 14.c5 Ng6 15.Rc1 Rf7 16.b4 h5
17.b5 Bf8 18.Qb3 a6 19.bxa6 bxa6 20.Nb4 g4 21.Nc6 Qd7 22.a4 g3 23.hxg3 fxg3
24.Bxg3 Bh6 25.Ra1 h4 26.Bh2 Be3+ 27.Kh1 Nh5 28.Nd1 Ng3+ 29.Bxg3 hxg3 30.Qxe3 Rh7+
31.Kg1 Rh1+  0-1

[Event "Jajce (Women)"]
[Site "Jajce"]
[Date "1984.??.??"]
[Round "?"]
[White "Nutu Gajic, Dana"]
[Black "Szmacinska, Grazyna"]
[Result "1/2-1/2"]
[WhiteElo "2165"]
[BlackElo "2105"]

1.Nf3 Nf6 2.c4 g6 3.Nc3 Bg7 4.e4 d6 5.d4 O-O 6.Be2 e5 7.O-O Nc6 8.d5 Ne7
9.Nd2 c5 10.dxc6 bxc6 11.b4 d5 12.Ba3 Be6 13.b5 d4 14.Na4 cxb5 15.cxb5 Re8
16.Nc5 Nc8 17.Nxe6 Rxe6 18.Bc4 Re8 19.Qb3 Qd7 20.b6 Qb7 21.bxa7 Qxa7 22.Bb4 Bf8
23.Bb5 Bxb4 24.Qxb4 Rd8 25.Nc4 Qc7 26.f3 Nd6 27.a4 Nxc4 28.Rac1 d3 29.Rxc4 Qb8
30.Rd1 Nh5 31.g3 Ng7 32.Rc3 d2 33.Rc2 Qa7+ 34.Qc5 Ne6 35.Qxa7 Rxa7 36.Rdxd2 Nd4
37.Kf2 Rb8 38.Rb2 Rab7 39.Ra2 Nxb5 40.axb5 Rxb5 41.Ra7 Rb2 42.Rd7 Kg7  1/2-1/2

[Event "Kragujevac"]
[Site "Kragujevac"]
[Date "1984.??.??"]
[Round "3"]
[White "Milicevic, Miodrag"]
[Black "Georgiev, Krum"]
[Result "1/2-1/2"]
[WhiteElo "2310"]
[BlackElo "2445"]

1.d4 Nf6 2.Nf3 g6 3.c4 Bg7 4.Nc3 O-O 5.e4 d6 6.Be2 e5 7.O-O Nc6 8.d5 Ne7
9.Ne1 Nd7 10.Nd3 f5 11.Bd2 Rf7 12.Rc1 Qf8 13.b4 Bh6 14.c5 Nf6 15.f3 Bxd2
16.Qxd2 f4 17.cxd6 cxd6 18.Nb5 Qd8 19.Nc7 Rb8 20.Ne6 Bxe6 21.dxe6 Rf8 22.b5  1/2-1/2

[Event "Kragujevac"]
[Site "Kragujevac"]
[Date "1984.??.??"]
[Round "4"]
[White "Portisch, Ferenc"]
[Black "Vukic, Milan"]
[Result "1/2-1/2"]
[WhiteElo "2445"]
[BlackElo "2450"]

1.d4 Nf6 2.c4 g6 3.Nc3 Bg7 4.e4 d6 5.Be2 O-O 6.Nf3 e5 7.O-O Nc6 8.d5 Ne7
9.Nd2 a5 10.Rb1 Ne8 11.a3 f5 12.b4 axb4 13.axb4 Nf6 14.c5 fxe4 15.Ndxe4 Nxe4
16.Nxe4 Bf5  1/2-1/2

[Event "Kragujevac"]
[Site "Kragujevac"]
[Date "1984.??.??"]
[Round "5"]
[White "Milicevic, Miodrag"]
[Black "Portisch, Ferenc"]
[Result "1/2-1/2"]
[WhiteElo "2310"]
[BlackElo "2445"]

1.d4 Nf6 2.c4 g6 3.Nc3 Bg7 4.e4 d6 5.Nf3 O-O 6.Be2 e5 7.O-O Nc6 8.d5 Ne7
9.Ne1 Nd7 10.Nd3 f5 11.Bd2 fxe4 12.Nxe4 Nf5 13.f3 Nf6 14.Ndf2 c6 15.Rc1 cxd5
16.cxd5 Qb6 17.Kh1 Bd7 18.Rc3 Rac8 19.Nxf6+ Bxf6 20.Ne4  1/2-1/2

[Event "London P&D Knights"]
[Site "London"]
[Date "1984.??.??"]
[Round "9"]
[White "Littlewood, Paul E"]
[Black "Britton, Richard"]
[Result "0-1"]
[WhiteElo "2435"]
[BlackElo "2310"]

1.d4 Nf6 2.c4 g6 3.Nc3 Bg7 4.e4 O-O 5.Nf3 d6 6.Be2 e5 7.O-O Nc6 8.d5 Ne7
9.Ne1 c5 10.Nd3 Ne8 11.f4 exf4 12.Bxf4 a6 13.a4 h6 14.g4 Bd4+ 15.Kh1 g5 16.Bg3 Ng6
17.e5 Nxe5 18.Bxe5 dxe5 19.Ne4 b6 20.Qe1 f5 21.gxf5 Bxf5 22.Rxf5 Rxf5 23.Bg4 Rf8
24.Be6+ Kh8 25.Qe2 Nd6 26.Ng3 Qf6 27.Kg2 Nxc4 28.Nf5 Qg6 29.Rf1 Rf6 30.b3 Ne3+
31.Nxe3 Qe4+ 32.Rf3 Raf8 33.Bg4 Bxe3 34.Nf2 Qd4 35.Qxe3 Qxe3 36.Rxe3 Rxf2+
37.Kg3 Rd2 38.Rxe5 Rd3+ 39.Kg2 Rf6 40.Be2 Rxb3 41.Bxa6 Rb4 42.Bb5 Rg4+ 43.Kh3 Rd4
44.Kg3 Kg7 45.Re7+ Kf8 46.Re5 Rd6 47.Bc6 c4 48.Re8+ Kf7 49.Rc8 Kf6 50.Kf3 c3
51.Bb7 Rd7 52.Ke3 Rh4 53.Bc6 Re7+ 54.Kd3 Rh3+ 55.Kd4 Re1 56.Bb7 Rd1+ 57.Ke4 Rh4+
58.Ke3 Rxh2 59.Rc6+ Ke7 60.Rc7+ Kd8 61.Rxc3 Rh3+  0-1

[Event "Lvov"]
[Site "Lvov"]
[Date "1984.??.??"]
[Round "10"]
[White "Georgiev, Kiril"]
[Black "Sahovic, Dragutin"]
[Result "1-0"]
[WhiteElo "2430"]
[BlackElo "2425"]

1.d4 Nf6 2.c4 g6 3.Nc3 Bg7 4.e4 d6 5.Nf3 O-O 6.Be2 e5 7.O-O Nc6 8.d5 Ne7
9.Ne1 Nd7 10.Nd3 f5 11.Bd2 Nf6 12.f3 f4 13.c5 g5 14.cxd6 cxd6 15.Rc1 Ng6
16.Nb5 Rf7 17.Qc2 Ne8 18.a4 Bf8 19.Nf2 Bd7 20.a5 h5 21.h3 Rg7 22.Qb3 Qb8
23.Rc2 Be7 24.Rfc1 Bd8 25.Na3 Nf6 26.Bb5 Nh8 27.Rc4 a6 28.Bxd7 Rxd7 29.Be1 Nf7
30.Qc3 Qa7 31.Kf1 Kg7 32.Nd3 b5 33.Bf2 Qb7 34.Rc6 g4 35.hxg4 hxg4 36.Bb6 Bxb6
37.Rxb6 Qa7 38.Nb4 Nh5 39.Nxa6 Ng3+ 40.Ke1 Rh8 41.Nxb5 Qa8 42.Nxd6 Rxd6 43.Rxd6 Rh1+
44.Kd2 Rxc1 45.Qxc1 Nxd6 46.Qc7+ Nf7 47.Nb8 Nf1+ 48.Kc3 Ne3 49.Nc6 Qe8 50.a6 Nxg2
51.d6 Qe6 52.Nd8 Qxd6 53.Qxf7+ Kh8 54.Qh5+ Kg7 55.Qxg4+ Kf8 56.Qf5+ Ke7 57.Qe6+  1-0